Business Accounting 1 / Fifth Edition (Record no. 649)
[ view plain ]
| 000 -LEADER | |
|---|---|
| fixed length control field | 01323cam a22002054a 4500 |
| 005 - ΗΜΕΡΟΜΗΝΙΑ ΚΑΙ ΩΡΑ ΤΕΛΕΥΤΑΙΑΣ ΕΝΗΜΕΡΩΣΗΣ | |
| Πεδίο ελέγχου | 20250605163941.0 |
| 008 - FIXED-LENGTH DATA ELEMENTS--GENERAL INFORMATION | |
| Πεδίο ελέγχου σταθερού μήκους | 250528s ||||||||||||||||||||||||d |
| 035 ## - SYSTEM CONTROL NUMBER | |
| System control number | 15047 |
| 020 ## - ISBN | |
| ISBN | 273029738 |
| 040 ## - ΠΗΓΗ ΚΑΤΑΛΟΓΟΓΡΑΦΗΣΗΣ | |
| Φορέας πρωτότυπης καταλογογράφησης | MC Athens Campus Library |
| Γλώσσα καταλογογράφησης | Ελληνικά, Μοντέρνα (1453-) |
| Modifying agency | MC Athens Campus Library |
| Κανόνες περιγραφικής καταλογογράφησης | AACR2 |
| 245 1# - ΤΙΤΛΟΣ ΚΑΙ ΔΗΛΩΣΗ ΥΠΕΥΘΥΝΟΤΗΤΑΣ | |
| Τίτλος | Business Accounting 1 / Fifth Edition |
| 250 ## - EDITION STATEMENT | |
| Edition statement | 5th |
| 260 ## - PUBLICATION, DISTRIBUTION, ETC. | |
| Name of publisher, distributor, etc. | Pitman, |
| Date of publication, distribution, etc. | 1989 |
| 300 ## - PHYSICAL DESCRIPTION | |
| Extent | 566 |
| 520 ## - SUMMARY, ETC. | |
| Summary, etc. | The most-widely used accountancy textbook in the world. Preface, The Accounting Equation and the Balance Sheet, The Double-Entry System for Assets and Liabilities, The Asset of Stock, The Double-Entry System for Expenses and Revenues, The Effect of Profit or Loss on Capital, Balancing Off Accounts, The Trial Balance, Trading and Profit and Loss Accounts: An Introduction, Balance Sheets, The Basic Structure of Accounting, The Banking System, Two Column Cash Books, Cash Discounts and the Tree Column Cash Book, The Sales Journal, The Journal, Valued Added Tax, Double Entry Records for Depreciation, Capital and Revenue Expenditure, Bank Reconciliation Statements, Suspense Accounts and Errors, Control Accounts, Manufacturing Accounts, Departmental Accounts, Columnar Day Books, Goodwill, The Valuation of Stock, Accounting Theory, Appendices, Index. |
| 700 1# - ΠΡΟΣΘΕΤΗ ΑΝΑΓΡΑΦΗ--ΦΥΣΙΚΟ ΠΡΟΣΩΠΟ | |
| Personal name | Wood Frank |
| 9 (RLIN) | 873 |
| 942 ## - ADDED ENTRY ELEMENTS (KOHA) | |
| Koha item type | Books |
| Τύπος τεκμηρίου | Βιβλιοθήκη | Τρέχουσα τοποθεσία | Barcode | Αριθμός εισαγωγής | Ημερομηνία απόκτησης | Ταξιθετικό σύμβολο | Αριθμός αντιτύπου | Κατάσταση απόσυρσης | Κατάσταση χαμένου | Κατάσταση κατεστραμμένου | Μη δανεισμός | Σύνολο δανεισμών | Ημερομηνία τελευταίας εμφάνισης | Η τιμή ισχύει από |
|---|---|---|---|---|---|---|---|---|---|---|---|---|---|---|
| Books | MC Athens Campus Library | MC Athens Campus Library | 9780000006486 | 1274 | 05/06/2025 | 657 WOO V.1 | 1 | 05/06/2025 | 05/06/2025 |